00548nam a2200193Ia 450000500170000000800410001702000140005804000190007204100120009108200150010310000190011824500440013726000280018130000360020950400380024565000190028365100420030285000100034420220804153850.0131103s9999 xx 000 0 und d a415011086 aLoreto College aEnglish a551.6bKEM aKemp, David D. aGlobal environment issuescD.David Kemp aLondonbRoutledgec1990 axv, 219 p.b ill., fig., tables aIncludes bibliographies and index aClimatology -  aGeology - Climatology and weather -  aLCLIB